000 01006cam a22002651i 4500
003 SA-RiAUC
005 20250127082514.0
008 250126s2010 sy g 000 0 ara c
040 _aSA-JeALM
_bara
_cSA-RiAUC
_erda
043 _aa-su---
082 0 4 _a953.122
_qSA-RiAUC
090 _a953.122
_bع ز ا
100 1 _aالعزامي، خليل إبراهيم ملا خاطر،
_d1357 هجري-
_eمؤلف.
245 1 0 _aمختصر فضائل المدينة المنورة /
_cخليل بن إبراهيم خاطر العزامي.
250 _aالطبعة الرابعة.
264 1 _aدمشق :
_bمنار للنشر والتوزيع،
_c2004
300 _a470 صفحة
_c24 سم
336 _aنص
_btxt
_2rdacontent
_3كتاب
337 _aبدون وسيط
_bn
_2rdamedia
338 _aمجلد
_bnc
_2rdacarrier
490 _aالمدرسة المدنية
_v13
651 7 _aالمدينة المنورة
_xفضائل
_2aucsh
942 _2ddc
_cBOOK
_n0
949 _aSA-JeALM
_d250126
_uosman123
_n1
999 _c5304
_d5304